LEADER 01380nam a2200325 i 4500 001 000000134323 003 CaOOAMICUS 005 20211026143429.0 008 050201s1995 it u000 u ita u 013 $a107491 020 $a88-7972-152-6 040 $aSeMil$bita 100 1 $aBercé, Yves Marie,$d<1936- >.$0(OLS)http://semarc/name/66322 240 13$aLa Vendée dans l'histoire.$0(OLS)http://semarc/title/435740 245 13$aLa Vandea /$c[Yves-Marie Bercé ... et al. ; traduzione di Giorgio Arduin]. 264 1$aMilano :$bCorbaccio,$c1995. 300 $aVI, 313 p. ;$c22 cm. 541 $aFondo Card. C.M. Martini (3U V 384) 650 4$aGuerre di Vandea <1793-1815> - Insurrezioni - 1793-1797.$0(OLS)http://semarc/subject/51143 650 4$aFrancia - Storia - Sec. 18.$0(OLS)http://semarc/subject/1089 650 4$aVandea - Storia.$0(OLS)http://semarc/subject/18700 700 1 $aArduin, Giorgio.$0(OLS)http://semarc/name/54922 850 $aSeMil 852 $aSeMil$W1$xVenegono$y1$m3U V 384$j88082$B88082$CSeMilBibl$Z2$F92314 $81 941 1 $a4 961 $aOmaggio: Martini Card. Carlo Maria 996 $6020$a88-7972-152-6$9(OLS)http://semarc/number/121500 996 $6245$aLa Vandea$9(OLS)http://semarc/title/196526 996 $6264$aMilano :$bCorbaccio$9(OLS)http://semarc/publisher/31394 LEADER 00854nam a2200181 i 4500 001 000000214487 003 CaOOAMICUS 005 20120723000000.0 008 120723s1791 it u000 u lat u 013 $a193358 026 $ao-o- a-mo :&a- hocu (3) 1791 (Q) 040 $aSeMil$bita 245 10$aTomo 1. 300 $a[2], XX, 223, [3] p. 773 0 $aPacchi, Domenico <1733-1825>$tVera filosofia morale dell'uomo o sia il libro dell'Ecclesiastico illustrato con toscana parafrasi da Domenico Pacchi ... e dedicato all'eminentissimo e reverendissimo principe il sig. cardinale D. Gregorio Barnaba Chiaramonti ... Tomo 1. [-2.].$dIn Modena : Presso la Società tipografica, [1791]-$g1$w()27103 850 $aSeMil 852 $aSeMil$W1$xVenegono$y1$m2Q V 20 FA$j164909$B164909$CSeMilBibl$Z2$F175952 $8I 996 $6245$aTomo 1$9(OLS)http://semarc/title/46685